Σχεδίαση διαδραστικής εφαρμογής που συνεισφέρει στην απομακρυσμένη εκμάθηση του Παγκόσμιου Ναυτιλιακού Συστήματος Κινδύνου και Ασφάλειας (GMDSS) : διπλωματική εργασία
Σχεδίαση εφαρμογής που θα εντάσσεται σε ιστοσελίδα ναυτιλιακής εκπαίδευσης ή ναυτιλιακών πληροφοριών. Ένα εργαλείο διαδικτυακής εκμάθησης της φιλοσοφίας και της χρήσης του Παγκόσμιου Ναυτιλιακού Συστήματος Κινδύνου και Ασφάλειας (GMDSS) και των επικοινωνιακών μέσων που συνεπάγονται, με χρήση οπτικοπ...
Αποθηκεύτηκε σε:
| Κύριος συγγραφέας: | |
|---|---|
| Συγγραφή απο Οργανισμό/Αρχή: | |
| Άλλοι συγγραφείς: | |
| Μορφή: | Thesis Βιβλίο |
| Γλώσσα: | Greek |
| Δημοσίευση: |
2011
|
| Θέματα: | |
| Διαθέσιμο Online: | http://hdl.handle.net/11610/9271 |
| Ετικέτες: |
Προσθήκη ετικέτας
Δεν υπάρχουν, Καταχωρήστε ετικέτα πρώτοι!
|
MARC
| LEADER | 00000cam a2200000 i 4500 | ||
|---|---|---|---|
| 001 | 1/16887 | ||
| 008 | 111130s2011 gre d | ||
| 035 | |l 10111516 | ||
| 040 | |a GR-MY-UA |b gre |e aacr | ||
| 041 | 0 | |a gre | |
| 082 | 0 | |a 623.8932 |2 (22) | |
| 100 | 1 | |a Τσίριμπας, Παναγιώτης. | |
| 245 | 1 | 0 | |a Σχεδίαση διαδραστικής εφαρμογής που συνεισφέρει στην απομακρυσμένη εκμάθηση του Παγκόσμιου Ναυτιλιακού Συστήματος Κινδύνου και Ασφάλειας (GMDSS) : |b διπλωματική εργασία / |c Τσίριμπας Παναγιώτης ; επιβλέπων καθηγητής: Λέκκας Δημήτριος |
| 260 | |c 2011 | ||
| 300 | |a 121 φύλλα; |c 30 εκ. | ||
| 500 | |a Διάθεση πλήρους κειμένου ελεύθερης πρόσβασης | ||
| 502 | |a Πτυχιακή εργασία – Πανεπιστήμιο Αιγαίου, Σύρος, 2011. | ||
| 504 | |a Βιβλιογραφία: σ. 116-118 | ||
| 520 | |a Σχεδίαση εφαρμογής που θα εντάσσεται σε ιστοσελίδα ναυτιλιακής εκπαίδευσης ή ναυτιλιακών πληροφοριών. Ένα εργαλείο διαδικτυακής εκμάθησης της φιλοσοφίας και της χρήσης του Παγκόσμιου Ναυτιλιακού Συστήματος Κινδύνου και Ασφάλειας (GMDSS) και των επικοινωνιακών μέσων που συνεπάγονται, με χρήση οπτικοποίησης της πληροφορίας. Μια διαδραστική διεπαφή που θα δίνει τη δυνατότητα στο χρήστη να δημιουργεί καταστάσης χρήσης του GMDSS. Μέσω του κατάλληλου γραφικού περιβάλλοντος της εφαρμογής ο χρήστης θα μπορεί να δημιουργεί περιπτώσης χρήσης του επικοινωνιακού εξοπλισμού του GMDSS και να παίρνει την πληροφορία που του παρέχει η εφαρμογή. Η εργασία περιλαμβάνει τουλάχιστον τα παρακάτω: εξέλιξη της ναυτιλίας και ο ρόλος του IMO. Ανάλυση των επικοινωνιών στη ναυτιλία. Ανάλυση του επικοινωνιακού εξοπλισμου του GMDSS. Εξέλιξη του διαδικτύου και η χρήση του ως πηγή εκπαιδευτικού υλικού και δεδομένων. Ανάλυση και σχεδίαση της εφαρμογής. Πρότυπες οθόνες και σενάρια χρήσης. | ||
| 650 | 0 | 0 | |a Navigation |x Safety measures. |
| 650 | 0 | 0 | |a Radio in navigation. |
| 650 | 0 | 0 | |a Artificial satellites in navigation. |
| 650 | 0 | 0 | |a Search and rescue operations. |
| 650 | 0 | 0 | |a Distress signals. |
| 650 | 0 | 0 | |a Dissertations, Academic |z Greece. |
| 700 | 1 | |a Λέκκας, Δημήτριος. |4 ths | |
| 710 | 2 | |a Πανεπιστήμιο Αιγαίου. |b Τμήμα Μηχανικών Σχεδίασης Προϊόντων και Συστημάτων. | |
| 852 | |a INST |b SYROS |c DIATR |e 20111130 |h 623.8932 ΤΣΙ |p 005500009881 |q 005500009881 |t DIE |y 23 | ||
| 852 | |a INST |b SYROS |c DIATR |e 20111130 |h 623.8932 ΤΣΙ |p 005500009882 |q 005500009882 |t DIE |y 23 | ||
| 856 | |u http://hdl.handle.net/11610/9271 | ||
| 901 | |a BIBL5-2010-2 | ||
| 909 | |a Ε |b 169766 | ||
| 909 | |a Ε |b 169767 | ||
| 924 | |a ΤΣΙΡΙΜΠΑΣ |b ΠΑΝΑΓΙΩΤΗΣ |y ΣΥΡΟΣ |z 2011-11 | ||
| 970 | |a ΚΟΝΤΟΥ |b ΠΑΡΑΣΚΕΥΗ |z 2011/11/30 | ||